000
00332nam a2200121Ia 4500
008
151001s9999||||xx |||||||||||||| ||und||
100
_a
parsons Anthony
245
4
_a
The Man who backed out
250
_a
1
260
_b
The amalgated Press
300
_a
64
365
_b
7
999
_c
950052
_d
950049